Westmorland A-Z - Statistics

General Stats
  • This quiz has been taken 36 times
    8 since last reset
  • The average score is 22 of 26
Answer Stats
Hint Answer % Correct
P Children's writer who lived around Lake Windermere Beatrix Potter
100%
C Ceremonial county Cumbria
100%
E Major river Eden
100%
F Term for the county's many mountains and hills Fells
100%
K Town known for its mint cake Kendal
100%
V Little islands in Lake Windermere Lilies of the {Valley}
100%
M Bay / estuary in the southwest Morecambe Bay
100%
R Famous character created by P Peter {Rabbit}
100%
Q A tapestry depicting the history of this religious group was housed in K Quakers
100%
Y National park that was extended into Westmorland in 2016 Yorkshire Dales
100%
A County town Appleby
83%
B Tourist town on Lake Windermere Bowness
83%
D Bridge in L; built via a Faustian bargain Devil's Bridge
83%
G Village by a lake of the same name; popular with tourists Grasmere
83%
N Annual open-water swimming event on Lake Windermere Great {North} {Swim}
83%
I The area was settled by ____-Norwegian invaders in the 10th century Irish
83%
L Attractive market town in the far south Kirkby {Lonsdale}
83%
T Service station on the M6 that had a TV show made about it Tebay Services
83%
U Second-largest lake; shared with Cumberland Ullswater
83%
W Most famous of the Lake Poets; lived in G William Wordsworth
83%
J Lakeside steamboat museum Windermere {Jetty}
83%
Z Exciting activity that can be done at Brockhole Zip-lining
67%
O West Coast Main Line station {Oxenholme} Lake District
50%
S Dessert popularised by a Westmorland hotel Sticky toffee pudding
50%
X Bus route that links K to Barrow (hint: X and a number) X6
50%
H Hardy breed of sheep; favoured by P Herdwick
33%
No matching quizzes found
Score Distribution
Percent of People with Each Score
Percentile by Number Answered
Your Score History
You have not taken this quiz since the last reset